Tous les pokémon de Clément - Statistiques

Statistiques générales
  • Ce quiz a été pris 21 fois
  • Le résultat moyen est 6 sur 7
Statistiques - réponses
Hint Réponse % Correct
Or & Argent & Cristal Xatu
100%
Flagadoss
93%
Gardevoir
93%
Noadkoko
93%
Heartgold & Soulsilver Archéodong
86%
Lippoutou
86%
Groret
79%
Aucun quiz correspondant
Distribution des résultats
% des personnes avec chaque résultat
Percentile par nombre de réponses
Votre historique - résultats
Vous n’avez pas pris ce quiz